000 00776cam a22002175a 4500
001 E149158
008 100120s2007 xxk f 000 0 eng d
020 _a9789211319019
035 _a(Sirsi) u149158
041 0 _aeng
050 0 4 _a346.41043 $2 18
110 2 _aUN Habitat
_95811
245 0 0 _aPolicy makers guide to women's land, property and housing rights across the world
260 _aNairobi
_bUN-HABITAT
_c2007
300 _a40p.
_c30cm.
520 _aSummarises research carried out by UN-HABITAT on issues related to women's property rights in various developing countries, and provides recomendations on dealing with the problems identified with security of tenure.
521 _aAdvanced
651 4 _aInternational
690 _aPROPERTY
942 _n0
999 _c110392
_d110392